Latest industrial floorspace figures (Record no. 73154)

MARC details
000 -LEADER
fixed length control field 01035cam a2200193 4500
001 - CONTROL NUMBER
control field WB3930-06
008 - FIXED-LENGTH DATA ELEMENTS--GENERAL INFORMATION
fixed length control field 030804n2003 000 0 eng u
035 ## - SYSTEM CONTROL NUMBER
System control number (Sirsi) u123180
245 ## - TITLE STATEMENT
Title Latest industrial floorspace figures
260 ## - PUBLICATION, DISTRIBUTION, ETC.
Date of publication, distribution, etc. 2003
490 ## - SERIES STATEMENT
Series statement King Sturge Press Release
Volume/sequential designation 1 August 2003 (1)
520 ## - SUMMARY, ETC.
Summary, etc. King Sturge's latest "UK industrial and distribution floorspace today" report shows that available industrial floorspace increased by 6.7% to 19.203m sq m at April 2003. Total available floorspace increased by 13.8% in the 12 months to April 2003. The West Midlands was the only region to record a fall in total available floorspace. Report available from www.kingsturge.com/site/docs/research/researchindex.cfm?UID=8662448996263920030804031243. www.kingsturge.com/site/docs/pressoffice/newsdisplay.cfm?NID=%24%299W%2AJ%40%20%20%0A
590 ## - LOCAL NOTE (RLIN)
Local note WB
650 ## - SUBJECT ADDED ENTRY--TOPICAL TERM
Topical term or geographic name entry element INDUSTRIAL FLOORSPACE
650 ## - SUBJECT ADDED ENTRY--TOPICAL TERM
Topical term or geographic name entry element INDUSTRIAL MARKET
650 ## - SUBJECT ADDED ENTRY--TOPICAL TERM
Topical term or geographic name entry element DISTRIBUTION MARKET
690 ## - LOCAL SUBJECT ADDED ENTRY--TOPICAL TERM (OCLC, RLIN)
Topical term or geographic name as entry element PROPERTY-COMMERCIAL PROPERTY
942 ## - ADDED ENTRY ELEMENTS (KOHA)
Suppress in OPAC 0
Holdings
Withdrawn status Lost status Source of classification or shelving scheme Damaged status Not for loan Home library Current library Shelving location Date acquired Total Checkouts Full call number Barcode Date last seen Copy number Price effective from Koha item type
    Dewey Decimal Classification     London London News article 04/08/2003   WB3930-06 123180-1001 06/08/2019 1 06/08/2019 News article